[Event "SVK-ch op"]
[Site "Ruzomberok"]
[Date "2019.07.02"]
[Round "4"]
[White "Majerova, Veronika"]
[Black "Hajtmansky, Milan"]
[Result "1-0"]
[WhiteElo "1531"]
[BlackElo "1521"]
[PlyCount "71"]
[EventDate "2019.06.29"]
[EventType "swiss"]
[EventRounds "9"]
[EventCountry "SVK"]
[SourceTitle "CBM 191 Extra"]
[Source "ChessBase"]
[SourceDate "2019.09.30"]
[SourceVersion "1"]
[SourceVersionDate "2019.09.30"]
[SourceQuality "1"]

1. d4 e6 2. Nf3 b6 3. Bf4 Bb7 4. e3 Nc6 5. c3 Be7 6. Bd3 Nf6 7. h3 0-0 8. Nbd2 d6 9. 0-0 g6 10. e4 Nd7 11. Re1 e5 12. Be3 Bf6 13. Qe2 Re8 14. Rad1 exd4 15. Nxd4 Bxd4 16. Bxd4 Nxd4 17. cxd4 Qf6 18. Nf3 Re7 19. Qc2 c5 20. dxc5 Nxc5 21. b4 Ne6 22. Bc4 Qf4 23. Bd5 Rc7 24. Qb3 Qf6 25. Bxb7 Rxb7 26. Rxd6 Qe7 27. Red1 Rd8 28. e5 Rbd7 29. Qd5 Rxd6 30. exd6 Qd7 31. Ne5 Qe8 32. d7 Qf8 33. Nc6 h5 34. Nxd8 Qxd8 35. Rc1 Nf4 36. Rc8 1-0

[Event "Ruzomberok Montana op"]
[Site "Ruzomberok"]
[Date "2017.06.04"]
[Round "9"]
[White "Hajtmansky, Milan"]
[Black "Polko, Pavol"]
[Result "0-1"]
[WhiteElo "1660"]
[BlackElo "1656"]
[PlyCount "86"]
[EventDate "2017.05.28"]
[EventType "swiss"]
[EventRounds "9"]
[EventCountry "SVK"]
[SourceTitle "EXT 2018"]
[Source "ChessBase"]
[SourceDate "2017.10.13"]
[SourceVersion "1"]
[SourceVersionDate "2017.10.13"]
[SourceQuality "1"]

1. g3 d5 2. Bg2 e5 3. d3 Nc6 4. Nd2 Nf6 5. c3 Bg4 6. a3 Be7 7. f3 Be6 8. e3 h6 9. Ne2 a6 10. 0-0 Qd7 11. b4 Bh3 12. Rf2 Bxg2 13. Kxg2 Nh7 14. f4 0-0 15. Bb2 Nf6 16. h3 Rad8 17. f5 e4 18. d4 Bd6 19. Nb3 b6 20. Qf1 Ne7 21. a4 Nh7 22. Nd2 g6 23. g4 gxf5 24. gxf5 Kh8 25. Kh1 Rg8 26. c4 c6 27. c5 bxc5 28. bxc5 Bg3 29. Nxg3 Rxg3 30. Re1 Rdg8 31. Kh2 Nxf5 32. Rxf5 Rg2+ 33. Kh1 Rg1+ 34. Kh2 R8g2+ 35. Qxg2 Rxg2+ 36. Kxg2 Qxf5 37. Rf1 Qe6 38. Nc4 Qg6+ 39. Kh2 f6 40. Nd6 Ng5 41. Bc1 Nf3+ 42. Kh1 Qg3 43. Nf7+ Kg7 0-1